Rappers by Best album - Statistics

General Stats
  • This quiz has been taken 138 times
    11 since last reset
  • The average score is 24 of 56
Answer Stats
Hint Answer % Correct
Tha Carter III Lil Wayne
100%
Views Drake
83%
The College Dropout Kanye West
83%
Welcome to O´Block King Von
83%
We Love You Tecca Lil Tecca
83%
Savage Mode II 21 Savage
67%
Eazy-Duz-It Eazy-E
67%
2014 Forest Hills Drive J Cole
67%
Goodbye & Good Riddance Juice Wrld
67%
good kid, m.A.A.d city Kendrick Lamar
67%
Luv is rage 2 Lil Uzi Vert
67%
Top Shotta NLE Choppa
67%
Hood Hottest Princess Sexyy Red
67%
Doggystyle Snoop Dogg
67%
Astroworld Travis Scott
67%
Igor Tyler The Creator
67%
Get Rich Or Die Tryin 50 Cent
50%
Acid Rap Chance The Rapper
50%
Finally RIch Chief Keef
50%
Melt my Eyes see your Future Denzel Curry
50%
The Slim Shady LP Eminem
50%
The Blueprint Jay-Z
50%
Lil Boat 2 Lil Yachty
50%
Madvilliany MF DOOM
50%
Ilimatic Nas
50%
Straight Outta Compton N.W.A.
50%
Die Lit Playboi Carti
50%
The Goat Polo G
50%
All Eyez on Me Tupac
50%
Long. Live. ASAP A$AP Rocky
33%
Its Dark and Hell Is Hot DMX
33%
Life of a Don Don Toliver
33%
2001 Dr. Dre
33%
DS2 Future
33%
1999 Joey Bada$$
33%
Teen X Ken Carson
33%
The Miseducation of Lauryn Hill Lauryn Hill
33%
My Turn Lil Baby
33%
Swimming Mac Miller
33%
Pink Friday Nicki Minaj
33%
17 XXXTentacion
33%
Famous Cryp Blueface
17%
The Predator Ice Cube
17%
The Infamous Mobb Deep
17%
Top NBA YoungBoy
17%
Aquemini Outkast
17%
Teflon Don Rick Ross
17%
Please Excuse Me for Being Antisocial Roddy Rich
17%
Ready To Die The Notorious B.I.G.
17%
Hoodie SZN A boogie wit dat Hoodie
0%
E. 1999 Eternal Bone Thugs-n-harmony
0%
Droptopwop Gucci Mane
0%
7220 Lil Durk
0%
222 Lil Tjay
0%
World of Mouf Ludacris
0%
SoulFly Rod Wave
0%
No matching quizzes found
Score Distribution
Percent of People with Each Score
Percentile by Number Answered
Your Score History
You have not taken this quiz since the last reset